000 00883nmm a2200277 a 4500
001 ocm0001299466
003 TR-IsHL
005 20201028162137.0
008 160715s2013 tu tur
007 cr cn
020 _a9786055541927
035 _a1299466
_b(N$T)
050 0 4 _aPT2653.W42
_bS24 2013
090 0 4 _aPT2653.W42
_bS24 2013
100 1 _aZweig, Stefan
245 1 0 _aSahaf Mendel
_h[electronic resource] /
_cStefan Zweig ; Türkçesi Hamdi Varoğlu
260 _aİstanbul :
_bYordam Kitap,
_c2013
300 _a161 p.
650 4 _aDil ve Edebiyat
650 4 _aLanguage and Literature
650 0 _aAvusturya romanı
650 0 _aAustrian fiction
650 7 _aLITERARY COLLECTIONS / European / German
_2bisacsh
700 1 _aVaroğlu, Hamdi
856 4 0 _uhttp://search.ebscohost.com/login.aspx?direct=true&scope=site&db=e011xww&AN=1299466
999 _c14561
_d14561